| 000 | 00527 a2200169 4500 | ||
|---|---|---|---|
| 022 | _a0040-2427 | ||
| 041 | 0 |
_aeng _aswe |
|
| 245 | 0 | 0 |
_aTele _binformations from the swedish board of telegraphs / _cE. Malmgren. |
| 260 |
_aFarsta : _bTeleverket, _c1950-. |
||
| 300 | _c30 cm. | ||
| 336 |
_aTekst _btxt _2rdacontent |
||
| 337 |
_aBez urządzenia pośredniczącego _bn _2rdamedia |
||
| 338 |
_aWolumin _bnc _2rdacarrier |
||
| 380 | _aCzasopisma | ||
| 650 | _aTelegraf | ||
| 700 | 1 |
_aE. Malmgren _eRedaktor |
|
| 710 | 2 |
_aTeleverket. _eWydawca _4pbl |
|
| 999 |
_c23681 _d23681 |
||